Enabling learning : (Record no. 93895)

000 -LEADER
fixed length control field 04696cam a2200493 i 4500
005 - DATE AND TIME OF LATEST TRANSACTION
control field 20260107090815.0
006 - FIXED-LENGTH DATA ELEMENTS--ADDITIONAL MATERIAL CHARACTERISTICS--GENERAL INFORMATION
fixed length control field m o d
007 - PHYSICAL DESCRIPTION FIXED FIELD--GENERAL INFORMATION
fixed length control field cr |||||||||||
008 - FIXED-LENGTH DATA ELEMENTS--GENERAL INFORMATION
fixed length control field 241210s2024 aca ob 001 0 eng
010 ## - LIBRARY OF CONGRESS CONTROL NUMBER
LC control number 2024439528
020 ## - INTERNATIONAL STANDARD BOOK NUMBER
International Standard Book Number 9781760466671
020 ## - INTERNATIONAL STANDARD BOOK NUMBER
International Standard Book Number 9781760466688
Qualifying information (electronic bk.)
020 ## - INTERNATIONAL STANDARD BOOK NUMBER
International Standard Book Number 1760466689
Qualifying information (electronic bk.)
020 ## - INTERNATIONAL STANDARD BOOK NUMBER
Cancelled/invalid ISBN 1760466670
Qualifying information (paperback)
035 #9 - SYSTEM CONTROL NUMBER
System control number (OCLCCM-CC)1452280552
035 ## - SYSTEM CONTROL NUMBER
System control number (OCoLC)1452280552
037 ## - SOURCE OF ACQUISITION
Stock number 22573/cats26014074
Source of stock number/acquisition JSTOR
041 ## - LANGUAGE CODE
Language code of text/sound track or separate title eng
042 ## - AUTHENTICATION CODE
Authentication code pcc
043 ## - GEOGRAPHIC AREA CODE
Geographic area code u-at---
049 ## - LOCAL HOLDINGS (OCLC)
Holding library MAIN
050 00 - LIBRARY OF CONGRESS CALL NUMBER
Classification number P57.A9
245 00 - TITLE STATEMENT
Title Enabling learning :
Remainder of title language teaching for Australian universities /
Statement of responsibility, etc edited by John Kinder, Nicola Fraschini and Marinella Caruso.
264 #1 - PUBLICATION, DISTRIBUTION, ETC. (IMPRINT)
Place of publication, distribution, etc Canberra, ACT, Australia :
Name of publisher, distributor, etc ANU Press,
Date of publication, distribution, etc [2024]
300 ## - PHYSICAL DESCRIPTION
Extent 1 online resource (xviii, 287 pages).
336 ## - CONTENT TYPE
Content type term text
Content type code txt
Source rdacontent
337 ## - MEDIA TYPE
Media type term computer
Media type code c
Source rdamedia
338 ## - CARRIER TYPE
Carrier type term online resource
Carrier type code cr
Source rdacarrier
347 ## - DIGITAL FILE CHARACTERISTICS
File type text file
Encoding format PDF
490 0# - SERIES STATEMENT
Series statement LCNAU studies in languages and cultures
504 ## - BIBLIOGRAPHY, ETC. NOTE
Bibliography, etc Includes bibliographical references and index.
520 1# - SUMMARY, ETC.
Summary, etc Enabling Learning: Language Teaching for Australian Universities illuminates efforts by tertiary language educators to facilitate the learning of languages at the university level. The educators' endeavours recounted in this volume address a range of specific aspects of the language learning experience or language teaching within tertiary education institutions. The chapters offer an overview of learning approaches and experiences, from the beginner to the advanced level, of different learning environments, from the traditional to online and hybrid, and of different languages, from Indigenous to European to East Asian. This work foregrounds the relevance of improved accessibility to language learning in the university context, presents innovative educational solutions informed by the examination of specific contexts, and asserts the importance of developing intercultural competence.
542 ## - INFORMATION RELATING TO COPYRIGHT STATUS
Note Unless stated otherwise, the author retains copyright to their work while ANU Press retains exclusive worldwide rights for the distribution of the book. From 2018, the majority of ANU Press titles are published under a Creative Commons licence (CC BY-NC-ND; creativecommons.org/licenses/by-nc-nd/4.0/), which broadens the ways in which works can be used and distributed. Please refer to the copyright page of each book for more information on a specific title's copyright licensing.
588 ## - SOURCE OF DESCRIPTION NOTE
Source of description note Description based on online resource; title from PDF title page (ANU Press website; viewed on 2024-12-10).
650 #0 - SUBJECT ADDED ENTRY--TOPICAL TERM
Topical term or geographic name as entry element Language and languages
General subdivision Study and teaching (Higher)
Geographic subdivision Australia.
655 #0 - INDEX TERM--GENRE/FORM
Genre/form data or focus term Electronic books.
700 1# - ADDED ENTRY--PERSONAL NAME
Personal name Kinder, J. J.
Fuller form of name (John J.),
Relator term editor.
Real World Object URI https://id.oclc.org/worldcat/entity/E39PCjKjRdhvVHXVhHRPkF8hDy
Authority record control number http://id.loc.gov/authorities/names/n2003038907
700 1# - ADDED ENTRY--PERSONAL NAME
Personal name Fraschini, Nicola,
Dates associated with a name 1982-
Relator term editor.
Authority record control number http://id.loc.gov/authorities/names/n2024008176
700 1# - ADDED ENTRY--PERSONAL NAME
Personal name Caruso, Marinella,
Relator term editor.
856 40 - ELECTRONIC LOCATION AND ACCESS
Uniform Resource Identifier https://directory.doabooks.org/handle/20.500.12854/153248
Link text Full text is available at the Directory of Open Access Books. Click here to view.
942 ## - ADDED ENTRY ELEMENTS
Source of classification or shelving scheme
Item type EBOOK/OPEN ACCESS

No items available.